000
00328nam a2200133Ia 4500
005
20251222155151.0
008
251222s9999||||xx |||||||||||||| ||spa||
082
_a
MEQ.235
100
_a
CISTERNA C. Ramón.
245
0
_a
Plan de formación en enfermedades infecciosas
250
_a
1ra. ed.
264
_b
Emisa
942
_c
LIB
999
_c
39566
_d
39566